[Event "WA Open"]
[Site "Redmond, WA"]
[Date "2010.05.30"]
[Round "3"]
[White "Sinanan, Josh"]
[Black "Rupel, David"]
[Result "1-0"]
[WhiteElo "2246"]
[BlackElo "2119"]
[PlyCount "123"]
[EventDate "2010.05.31"]
[EventCountry "USA"]
[SourceDate "2010.05.29"]

1. d4 Nf6 2. c4 e6 3. Nf3 Bb4+ 4. Bd2 Bxd2+ 5. Qxd2 d5 6. Nc3 O-O 7. Qc2 Nbd7
8. e3 c6 9. Rd1 Qe7 10. b3 b6 11. Be2 Bb7 12. O-O e5 13. dxe5 Nxe5 14. cxd5
Nxd5 15. Nxd5 cxd5 16. Nxe5 Qxe5 17. Bf3 Rac8 18. Qd2 Rc5 19. Rc1 Rfc8 20. Rxc5
Rxc5 21. Rd1 g6 22. h3 Qc7 23. Qd4 Rc2 24. a4 Rc5 25. g3 Qc8 26. Kg2 Qe6 27.
Qf4 Rc8 28. Rd4 f5 29. g4 Rd8 30. gxf5 Qxf5 31. Qxf5 gxf5 32. Kg3 Kf7 33. Kf4
Ke6 34. Rd1 Rg8 35. Rc1 Kd6 36. h4 Ba6 37. Rd1 Bb7 38. a5 bxa5 39. Ra1 Rc8 40.
Rxa5 a6 41. Be2 Rc6 42. Bd3 Rc3 43. Bxa6 Rxb3 44. Bxb7 Rxb7 45. Ra6+ Kc5 46.
Kxf5 d4 47. exd4+ Kxd4 48. Rd6+ Kc5 49. Rd2 Rf7+ 50. Kg5 Rf3 51. Kg4 Rf7 52. f4
Rg7+ 53. Kf5 Rf7+ 54. Ke5 Re7+ 55. Kf6 Re1 56. f5 Rh1 57. Kg7 Rf1 58. f6 h5 59.
f7 Rg1+ 60. Kh6 Rf1 61. Kg6 Kc6 62. Rd8 1-0

[Event "WA Open"]
[Site "Redmond, WA"]
[Date "2010.05.30"]
[Round "3"]
[White "Wilson, Matthew"]
[Black "Mathews, Dan"]
[Result "1-0"]
[WhiteElo "1942"]
[BlackElo "1726"]
[PlyCount "128"]
[EventDate "2010.05.31"]
[EventCountry "USA"]
[SourceDate "2010.05.29"]

1. e4 c5 2. Nf3 Nc6 3. d4 cxd4 4. Nxd4 Nxd4 5. Qxd4 d6 6. c4 Nf6 7. Nc3 g6 8.
Be3 Bg7 9. f3 O-O 10. Qd2 Be6 11. Rc1 b6 12. Be2 Rc8 13. b3 Nd7 14. O-O a6 15.
Rfd1 f5 16. exf5 Bxf5 17. Qd5+ Kh8 18. g4 Nf6 19. Qb7 Rb8 20. Qxa6 Bc8 21. Qb5
Nd7 22. Nd5 e6 23. Nc3 Ne5 24. f4 Nf7 25. Ne4 e5 26. fxe5 Bxe5 27. Bd4 Bxd4+
28. Rxd4 Qe7 29. Rf1 Bb7 30. Bf3 Ne5 31. Bg2 Rxf1+ 32. Kxf1 Bxe4 33. Rxe4 Qg5
34. Qb4 Qf6+ 35. Kg1 Nd3 36. Qd2 Nc5 37. Rf4 Qe5 38. Qd4 Re8 39. Qxe5+ Rxe5 40.
Bd5 Nd3 41. Rf8+ Kg7 42. Rd8 Re1+ 43. Kg2 Re2+ 44. Kf3 Rxh2 45. g5 h5 46. gxh6+
Rxh6 47. Rd7+ Kf8 48. Rxd6 Rh2 49. Rxb6 Rxa2 50. Ke3 Ne5 51. Kd4 Nd7 52. Rxg6
Ke7 53. Rg7+ Kd6 54. c5+ Kc7 55. c6 Rd2+ 56. Kc4 Rc2+ 57. Kb4 Rxc6 58. Bxc6
Kxc6 59. Rxd7 Kxd7 60. Kb5 Kc7 61. Kc5 Kb7 62. Kb5 Ka7 63. Kc6 Ka6 64. b4 Ka7 {
remaining moves not recorded} 1-0

[Event "WA Open"]
[Site "Redmond, WA"]
[Date "2010.05.30"]
[Round "3"]
[White "Xing, Kerry"]
[Black "Rosell, John"]
[Result "1-0"]
[WhiteElo "2098"]
[BlackElo "2012"]
[PlyCount "70"]
[EventDate "2010.05.31"]
[EventCountry "USA"]
[SourceDate "2010.05.29"]

1. d4 g6 2. e4 Bg7 3. c4 d6 4. Nc3 Nf6 5. f3 O-O 6. Be3 c5 7. Nge2 Nc6 8. d5
Ne5 9. Ng3 e6 10. Be2 exd5 11. cxd5 a6 12. a4 Bd7 13. O-O b5 14. axb5 axb5 15.
Rxa8 Qxa8 16. Bxb5 Bxb5 17. Nxb5 Qa6 18. Nc3 Rb8 19. Qc2 Nc4 20. Bc1 Rb4 21.
Re1 Nd7 22. f4 Na5 {black offered a draw} 23. Qf2 Nb3 24. Be3 Nd4 25. f5 Ne5
26. fxg6 hxg6 27. Rf1 Qb7 28. Qf4 Rxb2 29. Qh4 Qd7 30. h3 Rc2 31. Nd1 Ra2 32.
Bh6 Ra1 33. Bxg7 Kxg7 34. Qg5 Kh7 35. h4 Rxd1 {Remaining moves not recorded;
Black may have lost on time in this 60-minute game.} (35... Rxd1 {if} 36. Rxd1
Ndf3+ 37. gxf3 Nxf3+) 1-0

[Event "WA Open"]
[Site "Redmond, WA"]
[Date "2010.05.30"]
[Round "4"]
[White "Dixon, Dakota"]
[Black "Mathews, Dan"]
[Result "0-1"]
[WhiteElo "2042"]
[BlackElo "1726"]
[PlyCount "75"]
[EventDate "2010.05.31"]
[EventCountry "USA"]
[SourceDate "2010.05.29"]

1. Nf3 e6 2. d4 d5 3. g3 Nf6 4. Bg2 Be7 5. c4 O-O 6. O-O c5 7. cxd5 Nxd5 8. Ne5
cxd4 9. Qxd4 Nc6 10. Nxc6 bxc6 11. Nc3 Bb7 12. Ne4 Qb6 13. Qa4 c5 14. Bg5 Bxg5
15. Nxg5 h6 16. Nf3 Bc6 17. Qa3 Qb4 18. Rac1 Bb5 19. Rxc5 Qxa3 20. bxa3 Bxe2
21. Re1 Ba6 22. Nd4 Bb7 23. Nxe6 fxe6 24. Rxe6 Rad8 25. Re5 Ne3 26. Rxe3 Rd1+
27. Bf1 Ba6 28. f4 Rxf1+ 29. Kg2 Ra1 30. Rc7 Rxa2+ 31. Kh3 Bf1+ 32. Kg4 Rxh2
33. Kf3 Bg2+ 34. Kg4 Bd5 35. Rxa7 Bf7 36. Re5 h5+ 37. Kg5 h4 38. g4 {
missing moves} 0-1

[Event "WA Open"]
[Site "Redmond, WA"]
[Date "2010.05.30"]
[Round "4"]
[White "Greninger, Harley"]
[Black "Daroza, Eduardo"]
[Result "1/2-1/2"]
[WhiteElo "2220"]
[BlackElo "2031"]
[PlyCount "60"]
[EventDate "2010.05.31"]
[EventCountry "USA"]
[SourceDate "2010.05.29"]

1. d4 Nf6 2. Nf3 e6 3. Bg5 h6 4. Bxf6 Qxf6 5. e4 g6 6. Nbd2 Bg7 7. c3 d6 8. Bd3
Nd7 9. Qe2 a6 10. O-O e5 11. d5 O-O 12. b4 Qe7 13. Nb3 Nf6 14. c4 c6 15. dxc6
bxc6 16. Rac1 Re8 17. Na5 c5 18. a3 Qc7 19. Qd2 Bf8 20. Ne1 Nh5 21. g3 Bh3 22.
Ng2 Bg7 23. Be2 Nf6 24. Bf3 Bf8 25. Rfd1 Bxg2 26. Bxg2 Rab8 27. Rb1 Ra8 28.
Rdc1 Reb8 29. f4 Bg7 30. f5 g5 1/2-1/2

[Event "WA Open"]
[Site "Redmond, WA"]
[Date "2010.05.30"]
[Round "4"]
[White "Koons, Nat"]
[Black "Sinanan, Josh"]
[Result "1-0"]
[WhiteElo "2288"]
[BlackElo "2246"]
[PlyCount "122"]
[EventDate "2010.05.31"]
[EventCountry "USA"]
[SourceDate "2010.05.29"]

1. d4 Nf6 2. c4 e6 3. Nc3 Bb4 4. e3 O-O 5. Bd3 b6 6. Nge2 Bb7 7. a3 Bxc3+ 8.
Nxc3 d5 9. cxd5 exd5 10. b4 Nbd7 11. O-O Re8 12. Rb1 c6 13. Qc2 Nf8 14. a4 Rc8
15. Ba3 Ne6 16. Rfc1 Qd7 17. Bf5 g6 18. Bd3 Nh5 19. Be2 Nhg7 20. Qa2 Red8 21.
Rd1 f5 22. b5 c5 23. dxc5 bxc5 24. Bc4 d4 25. Bxc5 Rxc5 26. Rxd4 Qe7 27. Bxe6+
Nxe6 28. Rxd8+ Qxd8 29. Qxe6+ Kg7 30. Ne2 Qd3 31. Qe7+ Kg8 32. Qxc5 Qxb1+ 33.
Qc1 Qe4 34. f3 Qxa4 35. Nd4 Qb4 36. Qd1 a6 37. Ne6 Bc8 38. Qd8+ Kf7 39. Ng5+
Kg7 40. Qc7+ Kh6 41. Nf7+ Kh5 42. g4+ fxg4 43. Ne5 Qe1+ 44. Kg2 Qe2+ 45. Kg3
Qe1+ 46. Kf4 g5+ 47. Ke4 Qb1+ 48. Kd4 Qb2+ 49. Ke4 Qb1+ 50. Kd4 Qb2+ 51. Kd3
Qxb5+ 52. Kc3 Qb1 53. Qf7+ Kh4 54. Qf6 Qc1+ 55. Kd4 Qd2+ 56. Nd3 h5 57. f4 Qa5
58. fxg5 Qa1+ 59. Kc5 Qa5+ 60. Kd4 Qxg5 61. Qxg5+ Kxg5 {
remaining moves not available} 1-0

[Event "WA Open"]
[Site "Redmond, WA"]
[Date "2010.05.30"]
[Round "4"]
[White "Omori, Michael"]
[Black "Wilson, Matthew"]
[Result "1-0"]
[WhiteElo "2110"]
[BlackElo "1942"]
[PlyCount "123"]
[EventDate "2010.05.31"]
[EventCountry "USA"]
[SourceDate "2010.05.29"]

1. e4 c5 2. c3 d5 3. exd5 Qxd5 4. d4 cxd4 5. cxd4 e5 6. Nf3 exd4 7. Be2 Nc6 8.
Nc3 Qd8 9. Nb5 Nf6 10. Nbxd4 Nxd4 11. Qxd4 Qxd4 12. Nxd4 Bb4+ 13. Bd2 Bxd2+ 14.
Kxd2 O-O 15. Rhd1 Rd8 16. Ke1 Bg4 17. f3 Bd7 18. Rac1 Rdc8 19. Nb5 Bc6 20. Nd6
Rd8 21. Bc4 Rd7 22. Nf5 Re8+ 23. Kf2 Rxd1 24. Rxd1 h5 25. b4 a6 26. Rd6 Bd7 27.
Nh6+ Kf8 28. Nxf7 Rc8 29. Ne5 Be8 30. Bb3 Ke7 31. Rb6 Rc7 32. h4 Kf8 33. g4
hxg4 34. fxg4 Nd7 35. Re6 Nxe5 36. Rxe5 Bc6 37. Ke3 Rd7 38. h5 Re7 39. Rxe7
Kxe7 40. Kf4 Be8 41. Ke5 b6 42. a3 a5 43. Bd1 axb4 44. axb4 Bc6 45. g5 Bb5 46.
Bc2 Bc4 47. Bg6 Kf8 48. Kd6 Be2 49. Kc6 b5 50. Kd6 Bf1 51. h6 gxh6 52. gxh6 Kg8
53. Kc5 Bc4 54. Be4 Kh8 55. Bc6 Kh7 56. Bxb5 Be6 57. Bc6 Kxh6 58. b5 Kg7 59. b6
Bc8 60. Kd6 Kf6 61. Kc7 Ba6 62. Bb5 1-0

[Event "WA Open"]
[Site "Redmond, WA"]
[Date "2010.05.30"]
[Round "4"]
[White "Pazderic, Nick"]
[Black "Xing, Kerry"]
[Result "0-1"]
[WhiteElo "1811"]
[BlackElo "2098"]
[PlyCount "78"]
[EventDate "2010.05.31"]
[EventCountry "USA"]
[SourceDate "2010.05.29"]

1. e4 e6 2. d4 d5 3. Nc3 Bb4 4. e5 c5 5. a3 Bxc3+ 6. bxc3 Ne7 7. a4 Qa5 8. Qd2
Nbc6 9. Nf3 Bd7 10. Be2 h6 11. O-O O-O-O 12. Ba3 c4 13. Bb4 Nxb4 14. cxb4 Qc7
15. b5 Rdg8 16. Rfb1 Qd8 17. Qb4 g5 18. b6 a6 19. Nd2 Nf5 20. c3 g4 21. Nf1 h5
22. Bd1 h4 23. Ra2 Kb8 24. Re2 g3 25. h3 gxf2+ 26. Rxf2 Bc6 27. Bg4 Qg5 28.
Bxf5 exf5 29. a5 Rh6 30. Qb2 Rhg6 31. Qd2 f4 32. Rb2 Bd7 33. Rf3 Bf5 34. Nh2
Be4 35. Rf2 Qg3 36. Ng4 Rxg4 37. hxg4 Rxg4 38. Qd1 h3 39. Qa4 h2+ (39... h2+
40. Kh1 Bxg2+ 41. Rxg2 Qe1+ 42. Kxh2 Rh4#) 0-1

[Event "WA Open"]
[Site "Redmond, WA"]
[Date "2010.05.30"]
[Round "4"]
[White "Perez, Ignacio"]
[Black "Cozianu, Costin"]
[Result "1/2-1/2"]
[WhiteElo "2248"]
[BlackElo "2547"]
[PlyCount "32"]
[EventDate "2010.05.31"]
[EventCountry "USA"]
[SourceDate "2010.05.29"]

1. e4 e5 2. Nf3 Nc6 3. Bb5 a6 4. Ba4 Nf6 5. O-O Nxe4 6. d4 b5 7. Bb3 d5 8. dxe5
Be6 9. Qe2 Be7 10. Rd1 O-O 11. c4 bxc4 12. Bxc4 Bc5 13. Be3 Bxe3 14. Qxe3 Qb8
15. Bb3 Na5 16. Nbd2 Qa7 1/2-1/2

[Event "WA Open"]
[Site "Redmond, WA"]
[Date "2010.05.30"]
[Round "4"]
[White "Pupols, Viktors"]
[Black "Kong, Dezheng"]
[Result "1-0"]
[WhiteElo "2206"]
[BlackElo "2006"]
[PlyCount "135"]
[EventDate "2010.05.31"]
[EventCountry "USA"]
[SourceDate "2010.05.29"]

1. d4 d5 2. Nf3 Nf6 3. c3 c5 4. e3 cxd4 5. exd4 Nc6 6. Bd3 Bg4 7. Bf4 e6 8.
Nbd2 Be7 9. Qb3 Qc8 10. Ne5 Nxe5 11. Bxe5 O-O 12. O-O Nd7 13. Bg3 Bh5 14. Rfe1
Re8 15. Rac1 Bg5 16. f4 Bf6 17. Qc2 Nf8 18. f5 Bg5 19. fxe6 fxe6 20. Re5 Bxd2
21. Qxd2 Bg6 22. Bb5 Nd7 23. Re3 a6 24. Be2 Nf6 25. Be5 Ne4 26. Qe1 b5 27. Bd3
Ra7 28. Qe2 Rf7 29. Rf1 Rxf1+ 30. Qxf1 Rf8 31. Rf3 Nd2 32. Rxf8+ Qxf8 33. Qxf8+
Kxf8 34. Bxg6 hxg6 35. Kf2 Ne4+ 36. Ke3 Nf6 37. h3 Ke7 38. Kd3 g5 39. b3 Nh5
40. Ke3 Nf6 41. Bc7 Kf7 42. Bd8 Kg6 43. g4 Kf7 44. Ba5 Ke7 45. Kd3 Kd7 46. c4
bxc4+ 47. bxc4 dxc4+ 48. Kxc4 Nd5 49. Bd2 Nf4 50. h4 Kc6 51. Bxf4 gxf4 52. h5
Kd6 53. g5 e5 54. h6 f3 55. Kd3 e4+ 56. Ke3 gxh6 57. gxh6 Kd5 58. h7 f2 59.
Kxf2 Kxd4 60. h8=Q+ Kd3 61. Qd8+ Kc2 62. Ke3 Kb2 63. Qd2+ Ka3 64. Qc2 Kb4 65.
Kd4 e3 66. Qb3+ Ka5 67. Kc5 e2 68. Qa3# 1-0

[Event "WA Open"]
[Site "Redmond, WA"]
[Date "2010.05.30"]
[Round "4"]
[White "Rosell, John"]
[Black "Rohonyan, Katerina"]
[Result "0-1"]
[WhiteElo "2012"]
[BlackElo "2331"]
[PlyCount "96"]
[EventDate "2010.05.31"]
[EventCountry "USA"]
[SourceDate "2010.05.29"]

1. Nf3 c5 2. c4 g6 3. g3 Bg7 4. Bg2 Nc6 5. Nc3 e5 6. O-O Nge7 7. a3 d6 8. b4
O-O 9. Rb1 h6 10. Ne1 Rb8 11. Nc2 Be6 12. Ne3 Qd7 13. Re1 Bh3 14. Bh1 f5 15.
Ned5 Nxd5 16. Nxd5 Ne7 17. e3 Kh7 18. Nxe7 Qxe7 19. d4 Qc7 20. bxc5 dxc5 21. d5
Qd6 22. Rb3 Rf7 23. Bg2 Bxg2 24. Kxg2 e4 25. Bb2 Bxb2 26. Rxb2 Rg8 27. Rh1 Qd7
28. Rb5 g5 29. Qc2 Qe7 30. Re1 Rg6 31. Reb1 b6 32. Re1 h5 33. a4 h4 34. a5 Qd7
35. axb6 axb6 36. Qb2 f4 37. exf4 gxf4 38. Rxe4 hxg3 39. hxg3 f3+ (39... Rh6
40. Re6 f3+ 41. Kg1 Rxe6 42. dxe6 Qxe6 (42... Qd1+ 43. Kh2 Rf5 44. Qb1)) 40.
Kf1 Qh3+ 41. Ke1 Rxg3 42. Re6 Rg2 43. Qc2+ Rf5 44. Rb1 Qh1+ 45. Kd2 Rxf2+ 46.
Ke3 Rxc2 47. Rxh1+ Kg7 48. d6 $4 Re2+ 0-1

[Event "WA Open"]
[Site "Redmond, WA"]
[Date "2010.05.31"]
[Round "5"]
[White "Cozianu, Costin"]
[Black "Chen, Howard"]
[Result "1-0"]
[WhiteElo "2547"]
[BlackElo "2317"]
[PlyCount "45"]
[EventDate "2010.05.31"]
[EventCountry "USA"]
[SourceDate "2010.05.29"]

1. e4 c5 2. Nf3 e6 3. d4 cxd4 4. Nxd4 Nf6 5. Nc3 d6 6. g4 h6 7. Bg2 Nc6 8. h3
Nxd4 9. Qxd4 Bd7 10. Be3 Bc6 11. O-O-O Qa5 12. Rhg1 Nd7 13. Kb1 a6 14. h4 Qe5
15. Qd2 Qa5 16. f4 O-O-O 17. Bd4 Kb8 18. Qf2 Rc8 19. g5 Nc5 20. a3 Na4 21. Nxa4
Bxa4 22. Rc1 hxg5 23. hxg5 {remaining moves unclear} 1-0

[Event "WA Open"]
[Site "Redmond, WA"]
[Date "2010.05.31"]
[Round "5"]
[White "Feng, Roland"]
[Black "Dixon, Dakota"]
[Result "0-1"]
[WhiteElo "1890"]
[BlackElo "2042"]
[PlyCount "112"]
[EventDate "2010.05.31"]
[EventCountry "USA"]
[SourceDate "2010.05.29"]

1. Nf3 Nf6 2. c4 g6 3. Nc3 Bg7 4. e4 d6 5. d4 O-O 6. Be2 e5 7. O-O Nc6 8. d5
Ne7 9. b4 Nd7 10. a4 f5 11. Nd2 Nf6 12. Ba3 f4 13. c5 g5 14. h3 Ng6 15. b5 Rf7
16. cxd6 cxd6 17. Kh2 Bf8 18. g4 fxg3+ 19. fxg3 Qd7 20. g4 Nf4 21. Rxf4 gxf4
22. Nf3 h5 23. Ng5 hxg4 24. hxg4 Rg7 25. Ne6 Rh7+ 26. Kg2 Qe8 27. Qb3 Bxe6 28.
dxe6 Kh8 29. Bf3 Qg6 30. Qd1 Qh6 31. Qg1 Rc8 32. Rc1 Qh3+ 33. Kf2 Qh2+ 34. Qg2
Qxg2+ 35. Kxg2 Rg7 36. Kh3 Rgc7 37. Bb2 Nh7 38. Kg2 Kg7 39. Kf2 Ng5 40. Ke2 Be7
41. Bg2 Rh8 42. Rh1 f3+ 43. Bxf3 Nxf3 44. Rxh8 Nd4+ 45. Kd3 Kxh8 46. Nd5 Nxe6
47. Nxc7 Nxc7 48. Kc4 Kg7 49. a5 Kf7 50. Bc1 Ke6 51. Be3 a6 52. bxa6 bxa6 53.
Bd2 Ne8 54. g5 Ng7 55. g6 Nh5 56. Bh6 Bf6 0-1

[Event "WA Open"]
[Site "Redmond, WA"]
[Date "2010.05.31"]
[Round "5"]
[White "Gay, Daniel"]
[Black "Rupel, David"]
[Result "1/2-1/2"]
[WhiteElo "2065"]
[BlackElo "2119"]
[PlyCount "38"]
[EventDate "2010.05.31"]
[EventCountry "USA"]
[SourceDate "2010.05.29"]

1. e4 c5 2. Nf3 g6 3. d4 cxd4 4. Nxd4 Bg7 5. c4 Nc6 6. Be3 d6 7. Nc3 Nh6 8. Be2
O-O 9. Qd2 Ng4 10. Bxg4 Bxg4 11. O-O Qa5 12. Rac1 Rfc8 13. h3 Bd7 14. Nb3 Qd8
15. c5 Be8 16. cxd6 exd6 17. Nb5 Qf6 18. Rc2 Ne5 19. Rxc8 (19. Nc7 {+-} Rab8
20. Bxa7) 19... Rxc8 {remaining moves unclear} 1/2-1/2

[Event "WA Open"]
[Site "Redmond, WA"]
[Date "2010.05.31"]
[Round "5"]
[White "Phillips, Dan"]
[Black "Pazderic, Nick"]
[Result "1/2-1/2"]
[WhiteElo "1848"]
[BlackElo "1811"]
[PlyCount "82"]
[EventDate "2010.05.31"]
[EventCountry "USA"]
[SourceDate "2010.05.29"]

1. e4 c5 2. Nf3 e6 3. d4 cxd4 4. Nxd4 a6 5. Bd3 Qc7 6. O-O Nf6 7. c4 b6 8. Nc3
Bb7 9. Qe2 d6 10. Kh1 Be7 11. Be3 O-O 12. Rac1 Nbd7 13. Rfd1 Nc5 14. f3 Nxd3
15. Qxd3 Rac8 16. b3 Rfd8 17. Qe2 Qb8 18. Qf2 Ba8 19. a4 Nd7 20. Qa2 Ne5 21. a5
bxa5 22. Qxa5 Bb7 23. Qa2 Qc7 24. Na4 Rf8 25. Rc2 Nc6 26. Rcd2 Nxd4 27. Bxd4 f5
28. Nb6 Rb8 29. exf5 Rxf5 30. b4 Bg5 31. Re2 Qf7 32. c5 dxc5 33. Bxc5 Rxf3 34.
Qxe6 Qxe6 35. Rxe6 Rb3 36. Re5 h6 37. Re2 Bc6 38. Kg1 Bb5 39. Ra2 Re8 40. Rf2
Bf6 41. Nd5 Bg5 1/2-1/2

[Event "WA Open"]
[Site "Redmond, WA"]
[Date "2010.05.31"]
[Round "5"]
[White "Raptis, Nick"]
[Black "Perez, Ignacio"]
[Result "0-1"]
[WhiteElo "2327"]
[BlackElo "2248"]
[PlyCount "64"]
[EventDate "2010.05.31"]
[EventCountry "USA"]
[SourceDate "2010.05.29"]

1. d4 d5 2. Nf3 e6 3. g3 c5 4. Bg2 Nc6 5. c4 Nf6 6. O-O h6 7. cxd5 exd5 8. Nc3
a6 9. Bf4 Be7 10. dxc5 Bxc5 11. Rc1 Ba7 12. Ne5 Be6 13. Qa4 Rc8 14. Nxc6 Rxc6
15. Be5 O-O 16. Rcd1 Ng4 17. Bxd5 Qg5 18. Bxc6 Qh5 19. h4 Qxe5 20. Kg2 bxc6 21.
Qxa6 Bb8 22. Qd3 f5 23. Qd4 Qc7 24. b4 f4 25. gxf4 Qe7 26. Rh1 Bxf4 27. Qe4 Be5
28. Qxc6 Rxf2+ 29. Kg1 Bh2+ 30. Rxh2 Rxh2 31. Qd6 Qf7 32. Rf1 Rh1+ 0-1

[Event "WA Open"]
[Site "Redmond, WA"]
[Date "2010.05.31"]
[Round "5"]
[White "Sinanan, Josh"]
[Black "Bartron, Paul"]
[Result "1-0"]
[WhiteElo "2246"]
[BlackElo "2073"]
[PlyCount "97"]
[EventDate "2010.05.31"]
[EventCountry "USA"]
[SourceDate "2010.05.29"]

1. d4 Nf6 2. c4 e6 3. Nf3 b6 4. g3 Bb7 5. Bg2 c5 6. d5 exd5 7. Nh4 d6 8. Nc3
Qd7 9. cxd5 b5 10. e4 b4 11. Ne2 Be7 12. O-O O-O 13. Nf5 Re8 14. Qc2 Bf8 15. b3
Qd8 16. Bb2 g6 17. Ne3 Qe7 18. Bxf6 Qxf6 19. f4 Nd7 20. Nc4 Qd8 21. Rae1 Nb6
22. Na5 Rb8 23. Nxb7 Rxb7 24. Nc1 a5 25. Nd3 Rc7 26. Nb2 Bg7 27. Nc4 Nxc4 28.
Qxc4 Bd4+ 29. Kh1 Rce7 30. e5 dxe5 31. f5 e4 32. Rf4 gxf5 33. Rxf5 Qd6 34. Rf4
e3 35. Qe2 Kh8 36. Ref1 f6 37. Rf5 Rc7 38. R1f4 a4 39. Rh4 axb3 40. axb3 Ra8
41. Be4 Qa6 42. Bd3 Qa1+ 43. Rf1 Qc3 44. d6 Rd7 45. Qf3 Re8 46. Qf5 Qxd3 47.
Qxd3 e2 48. Re1 Re3 49. Qb5 1-0

[Event "WA Open"]
[Site "Redmond, WA"]
[Date "2010.05.31"]
[Round "5"]
[White "Wang, Michael"]
[Black "Greninger, Harley"]
[Result "1-0"]
[WhiteElo "2065"]
[BlackElo "2220"]
[PlyCount "41"]
[EventDate "2010.05.31"]
[EventCountry "USA"]
[SourceDate "2010.05.29"]

1. c4 c6 2. e4 e6 3. e5 d5 4. exd6 Bxd6 5. Nc3 Nf6 6. d4 O-O 7. Nf3 c5 8. Nb5
Be7 9. Bf4 Na6 10. a3 cxd4 11. Qxd4 Qxd4 12. Nfxd4 Bc5 13. Be2 Re8 14. Bd6 Rd8
15. Bxc5 Nxc5 16. b4 Nce4 17. f3 a6 18. fxe4 axb5 19. Nxb5 Nxe4 20. Bf3 Nd2 21.
O-O-O 1-0

[Event "WA Open"]
[Site "Redmond, WA"]
[Date "2010.05.31"]
[Round "5"]
[White "Xing, Kerry"]
[Black "Botez, Alexandra"]
[Result "1-0"]
[WhiteElo "2098"]
[BlackElo "1838"]
[PlyCount "73"]
[EventDate "2010.05.31"]
[EventCountry "USA"]
[SourceDate "2010.05.29"]

1. d4 d5 2. c4 e6 3. Nc3 c6 4. e3 Nf6 5. Nf3 Nbd7 6. Qc2 Bd6 7. g4 dxc4 8. Bxc4
b5 9. Bd3 Qb6 10. Bd2 a5 11. Rc1 Bb7 12. g5 Nd5 13. Ne4 Be7 14. a3 Rc8 15. Nc5
Bxc5 16. dxc5 Qc7 17. h4 f5 18. Nd4 Ke7 19. Bxf5 g6 20. Bxe6 Qe5 21. Bg4 Rhf8
22. Nf3 Rxf3 23. Bxf3 b4 24. Qe4 Ba6 25. axb4 axb4 26. Ra1 Ra8 27. Qxe5+ Nxe5
28. Be2 Bb7 29. Rxa8 Bxa8 30. f4 Nd7 31. e4 Nxf4 32. Bxf4 Nxc5 33. e5 Ne6 34.
O-O c5 35. Be3 Nd4 36. Bxd4 cxd4 37. Rf4 1-0

[Event "WA Open"]
[Site "Redmond, WA"]
[Date "2010.05.31"]
[Round "6"]
[White "Botez, Alexandra"]
[Black "Feng, Roland"]
[Result "1-0"]
[WhiteElo "1838"]
[BlackElo "1890"]
[PlyCount "97"]
[EventDate "2010.05.31"]
[EventCountry "USA"]
[SourceDate "2010.05.29"]

1. d4 Nf6 2. c4 g6 3. Nc3 Bg7 4. e4 d6 5. f3 O-O 6. Be3 Nc6 7. Bd3 a6 8. Nge2
Rb8 9. Qd2 e5 10. d5 Nd4 11. Nxd4 exd4 12. Bxd4 c5 13. Be3 Bd7 14. Bh6 Nxe4 15.
Nxe4 Qh4+ 16. g3 Bxh6 17. gxh4 Bxd2+ 18. Kxd2 Kg7 19. Rhg1 h5 20. Nxd6 f5 21.
Rae1 Kf6 22. Rg5 b5 23. cxb5 axb5 24. Nxf5 gxf5 25. Rxh5 Rh8 26. Rxh8 Rxh8 27.
Rh1 Rxh4 28. Ke3 Ke5 29. b3 Kxd5 30. Bc2 Ke5 31. Kf2 Kf4 32. h3 Bc6 33. Bd1 Rh8
34. Be2 $11 Re8 $4 35. Rc1 Re3 36. Rxc5 Be8 37. Rxf5+ Kxf5 38. Kxe3 Ke5 39. f4+
Kd5 40. b4 Kc6 41. Kd4 Bf7 42. a3 Be6 43. Bg4 Bc4 44. Ke5 Bd3 45. Be6 Bg6 46.
f5 Bh7 47. h4 Kc7 48. Kf6 Kd6 49. Kg7 1-0

[Event "WA Open"]
[Site "Redmond, WA"]
[Date "2010.05.31"]
[Round "6"]
[White "Chen, Howard"]
[Black "Xing, Kerry"]
[Result "0-1"]
[WhiteElo "2317"]
[BlackElo "2098"]
[PlyCount "66"]
[EventDate "2010.05.31"]
[EventCountry "USA"]
[SourceDate "2010.05.29"]

1. e4 e6 2. d4 d5 3. Nd2 Nf6 4. e5 Nfd7 5. f4 c5 6. Ngf3 Nc6 7. Nb3 c4 8. Nbd2
Be7 9. Be2 b5 10. Nf1 a5 11. Ne3 Nb6 12. O-O h5 13. Qe1 a4 14. c3 b4 15. Bd1 a3
16. bxa3 bxc3 17. Qxc3 Na4 18. Bxa4 Rxa4 19. f5 Qa5 20. Qc2 Bxa3 21. fxe6 Bxe6
22. Bxa3 Rxa3 23. Nf5 g6 24. Ng7+ Kd7 25. Nxe6 fxe6 26. Qxg6 Ne7 27. Qf7 Rg8
28. Rab1 Qa7 29. Rf2 Rxa2 30. Rxa2 Qxa2 31. Rb7+ Kc6 32. Qxe6+ Kxb7 33. Qxe7+
Ka8 0-1

[Event "WA Open"]
[Site "Redmond, WA"]
[Date "2010.05.31"]
[Round "6"]
[White "Kelley, Dereque"]
[Black "Wang, Michael"]
[Result "0-1"]
[WhiteElo "2206"]
[BlackElo "2065"]
[PlyCount "36"]
[EventDate "2010.05.31"]
[EventCountry "USA"]
[SourceDate "2010.05.29"]

1. d4 d5 2. c4 c6 3. Nc3 Nf6 4. e3 e6 5. Nf3 Nbd7 6. Qc2 Bd6 7. Bd3 O-O 8. O-O
dxc4 9. Bxc4 e5 10. dxe5 Nxe5 11. Nxe5 Bxe5 12. e4 Re8 13. Bd3 Ng4 14. f4 Bd4+
15. Kh1 Nxh2 16. g3 Nxf1 17. Bxf1 Bg4 18. Bg2 Qd6 0-1

[Event "WA Open"]
[Site "Redmond, WA"]
[Date "2010.05.31"]
[Round "6"]
[White "Perez, Ignacio"]
[Black "Mikhailuk, Slava"]
[Result "1-0"]
[WhiteElo "2248"]
[BlackElo "2437"]
[PlyCount "57"]
[EventDate "2010.05.31"]
[EventCountry "USA"]
[SourceDate "2010.05.29"]

1. e4 c5 2. b4 cxb4 3. Bb2 e6 4. Nf3 Nf6 5. e5 Nd5 6. a3 d6 7. axb4 dxe5 8.
Nxe5 Bxb4 9. Qg4 Bf8 10. Bb5+ Bd7 11. Qf3 Qf6 12. Qb3 Bc5 13. O-O Qe7 14. Nxd7
Nxd7 15. Bxg7 Rg8 16. Be5 Kf8 17. Bg3 N7b6 18. Nc3 Nxc3 19. Qxc3 Nd5 20. Qf3
Qf6 21. Qe4 h5 22. Ra4 Qg6 23. Qxg6 fxg6 24. Re4 g5 25. Rxe6 h4 26. Bd6+ Kf7
27. Rfe1 Bxd6 28. Rxd6 Rad8 29. Rxd5 1-0

[Event "WA Open"]
[Site "Redmond, WA"]
[Date "2010.05.31"]
[Round "6"]
[White "Rohonyan, Katerina"]
[Black "Sinanan, Josh"]
[Result "1/2-1/2"]
[WhiteElo "2331"]
[BlackElo "2246"]
[PlyCount "79"]
[EventDate "2010.05.31"]
[EventCountry "USA"]
[SourceDate "2010.05.29"]

1. d4 Nf6 2. Nc3 d5 3. Bg5 c5 4. Bxf6 gxf6 5. e3 e6 6. Nge2 Nc6 7. g3 f5 8. Bg2
Bg7 9. O-O cxd4 10. exd4 Qb6 11. Na4 Qc7 12. c3 b6 13. Nf4 O-O 14. b3 Bd7 15.
Nb2 Ne7 16. Rc1 Rac8 17. Re1 Ng6 18. Nh5 Bh8 19. Qd2 Bb5 20. Nd1 Qd6 21. Ne3
Bd7 22. Bf1 Rc7 23. h3 Rfc8 24. Ba6 Rd8 25. Bd3 Rdc8 26. f4 Qa3 27. Bb1 Qa5 28.
Nd1 b5 29. g4 Qb6 30. Ne3 b4 31. gxf5 bxc3 32. Qg2 exf5 33. Kh1 Qxd4 34. Bxf5
Re8 35. Nxd5 Rxe1+ 36. Rxe1 Bc6 37. Kh2 Bg7 38. Re8+ Bxe8 39. Nxc7 Qd8 40. Nxe8
1/2-1/2

[Event "WA Open"]
[Site "Redmond, WA"]
[Date "2010.05.31"]
[Round "6"]
[White "Rozenfeld, Yevgeniy"]
[Black "Phillips, Dan"]
[Result "1-0"]
[WhiteElo "1949"]
[BlackElo "1848"]
[PlyCount "45"]
[EventDate "2010.05.31"]
[EventCountry "USA"]
[SourceDate "2010.05.29"]

1. e4 c5 2. Nf3 d6 3. d4 cxd4 4. Nxd4 Nf6 5. Nc3 a6 6. Bg5 e6 7. f4 Be7 8. Qf3
Qc7 9. O-O-O Nbd7 10. g4 b5 11. Bxf6 Nxf6 12. g5 Nd7 13. f5 Ne5 14. Qg3 Bd7 15.
Bh3 b4 16. Nce2 Rc8 17. Nf4 Nc6 18. fxe6 Bxe6 19. Ndxe6 fxe6 20. Nxe6 Qa5 21.
Nxg7+ Kf7 22. Bxc8 Rxc8 23. Nf5 1-0